The JCT intermediate building contracts 2005 (Record no. 105476)
[ view plain ]
| 000 -LEADER | |
|---|---|
| fixed length control field | 01377cam a22002775a 4500 |
| 001 - CONTROL NUMBER | |
| control field | E133787 |
| 008 - FIXED-LENGTH DATA ELEMENTS--GENERAL INFORMATION | |
| fixed length control field | 000000s2006 xxk 000 0 eng u |
| 020 ## - INTERNATIONAL STANDARD BOOK NUMBER | |
| International Standard Book Number | 1405140496 |
| 035 ## - SYSTEM CONTROL NUMBER | |
| System control number | (Sirsi) u133787 |
| 041 ## - LANGUAGE CODE | |
| Language code of text/sound track or separate title | eng |
| 050 ## - LIBRARY OF CONGRESS CALL NUMBER | |
| Classification number | 692.8 |
| 100 ## - MAIN ENTRY--PERSONAL NAME | |
| Personal name | Chappell, David |
| 245 04 - TITLE STATEMENT | |
| Title | The JCT intermediate building contracts 2005 |
| Medium | [electronic resource] |
| 250 ## - EDITION STATEMENT | |
| Edition statement | 3rd ed. |
| 260 ## - PUBLICATION, DISTRIBUTION, ETC. | |
| Place of publication, distribution, etc. | Oxford |
| Name of publisher, distributor, etc. | Blackwell Science |
| Date of publication, distribution, etc. | 2006 |
| 300 ## - PHYSICAL DESCRIPTION | |
| Extent | eBook |
| 350 ## - PRICE (NR) (BK AM CF MU VM SE) [OBSOLETE] | |
| Price | 59.50 |
| 520 ## - SUMMARY, ETC. | |
| Summary, etc. | The 2005 version of the "JCT Intermediate Building Contract" has introduced a very different looking contract format and a number of changes to contract conditions. A completely new Intermediate Building Contract with Contractor's Design has also been issued. This well established guide, which has been thoroughly updated, looks at the changes and key aspects of both forms, and takes account of new case law since the last edition of the book published in 1999. It also discusses the new subcontract agreements. |
| 520 ## - SUMMARY, ETC. | |
| Summary, etc. | Supersedes 2nd edition 1999 (isbn 0632039655) |
| 590 ## - LOCAL NOTE (RLIN) | |
| Local note | IKA040706 |
| 650 24 - SUBJECT ADDED ENTRY--TOPICAL TERM | |
| Topical term or geographic name entry element | EBOOK |
| 690 ## - LOCAL SUBJECT ADDED ENTRY--TOPICAL TERM (OCLC, RLIN) | |
| Topical term or geographic name as entry element | BUILT ENVIRONMENT-BUILDING CONTRACT FORMS-STANDARD FORMS OF BUILDING CONTRACT-JOINT CONTRACTS TRIBUNAL CONTRACTS |
| 856 48 - ELECTRONIC LOCATION AND ACCESS | |
| Uniform Resource Identifier | <a href="https://www.vlebooks.com/">https://www.vlebooks.com/</a> |
| Public note | View on VLEbooks. Logins for members only from [email protected] |
| 942 ## - ADDED ENTRY ELEMENTS (KOHA) | |
| Suppress in OPAC | 0 |
| Withdrawn status | Lost status | Damaged status | Not for loan | Home library | Current library | Shelving location | Date acquired | Cost, normal purchase price | Total Checkouts | Full call number | Barcode | Date last seen | Date last checked out | Copy number | Cost, replacement price | Price effective from | Koha item type | Source of classification or shelving scheme |
|---|---|---|---|---|---|---|---|---|---|---|---|---|---|---|---|---|---|---|
| Missing from bundle | London | London | Books | 17/10/2006 | 29.75 | 24 | 692.8 CHA | 30073403 | 06/08/2019 | 04/11/2009 | 1 | 29.75 | 06/08/2019 | Book | ||||
| Virtual | Virtual | Online | 09/02/2010 | 75.86 | EBOOK | 133787-3001 | 06/08/2019 | 1 | 75.86 | 06/08/2019 | Book | Dewey Decimal Classification |